[Event "FRA-ch Seniors"]
[Site "Albi"]
[Date "2022.08.21"]
[Round "9"]
[White "Ricter, Jean Paul"]
[Black "Prie, Eric"]
[Result "1/2-1/2"]
[WhiteElo "2036"]
[BlackElo "2377"]
[PlyCount "32"]
[EventDate "2022.08.13"]
[EventType "swiss"]
[EventRounds "9"]
[EventCountry "FRA"]
[SourceTitle "CBM 210 Extra"]
[Source "ChessBase"]
[SourceDate "2022.11.30"]
[SourceVersion "1"]
[SourceVersionDate "2022.11.30"]
[SourceQuality "1"]

1. e4 d5 2. exd5 Qxd5 3. Nc3 Qa5 4. Bc4 Nf6 5. d3 Bg4 6. Nge2 Nc6 7. 0-0 0-0-0 8. Bd2 e6 9. Nb5 Qb6 10. a4 Qc5 11. Qe1 Bxe2 12. Qxe2 a6 13. Be3 Qf5 14. Bd2 Nd4 15. Nc3 Qa5 16. Qe1 Nc6 1/2-1/2

[Event "Wch Seniors 65 26th"]
[Site "Marianske Lazne"]
[Date "2016.11.24"]
[Round "6"]
[White "Bauder, Herbert"]
[Black "Ricter, Jean Paul"]
[Result "0-1"]
[WhiteElo "1963"]
[BlackElo "2108"]
[PlyCount "132"]
[EventDate "2016.11.19"]
[EventType "swiss"]
[EventRounds "11"]
[EventCountry "CZE"]
[SourceTitle "CBM 175 Extra"]
[Source "ChessBase"]
[SourceDate "2016.12.12"]
[SourceVersion "1"]
[SourceVersionDate "2016.12.12"]
[SourceQuality "1"]

1. d4 d6 2. Nf3 g6 3. c4 Bg7 4. Nc3 c5 5. d5 Nf6 6. e4 b5 7. cxb5 a6 8. Be2 0-0 9. bxa6 Bxa6 10. Bxa6 Nxa6 11. 0-0 Qb6 12. Rb1 Nc7 13. a3 Nb5 14. Nxb5 Qxb5 15. Qc2 Qa4 16. Qxa4 Rxa4 17. e5 dxe5 18. Nxe5 Nxd5 19. Re1 Rd8 20. Kf1 e6 21. Bd2 Ne7 22. Rbd1 Rad4 23. Nf3 Rd3 24. Ke2 Bxb2 25. Bc1 Rxd1 26. Rxd1 Rb8 27. Bxb2 Rxb2+ 28. Rd2 Rb7 29. Rc2 Rc7 30. Rc4 Nd5 31. Nd2 Nb6 32. Rc1 Kf8 33. Nc4 Nxc4 34. Rxc4 Ke7 35. Kd3 Kd6 36. Ke4 Ra7 37. a4 Rb7 38. Kd3 Kd5 39. Rc2 Rb3+ 40. Rc3 c4+ 41. Kc2 Rb7 42. a5 Ra7 43. Ra3 Ra6 44. Kc3 e5 45. Ra4 f5 46. Kb4 e4 47. g3 g5 48. Kb5 Ra8 49. a6 Rb8+ 50. Ka5 c3 51. a7 Rc8 52. Ra1 Kc4 53. Kb6 c2 54. a8Q Rxa8 55. Rxa8 Kb3 56. Rc8 Kb2 57. Kb5 c1Q 58. Rxc1 Kxc1 59. Kc4 Kd2 60. Kd4 Ke2 61. Ke5 Kxf2 62. Kxf5 e3 63. Kxg5 e2 64. g4 e1Q 65. Kh6 Qe4 66. g5 Qg6# 0-1

[Event "Wch Seniors 65 26th"]
[Site "Marianske Lazne"]
[Date "2016.11.21"]
[Round "3"]
[White "Ricter, Jean Paul"]
[Black "Scharff, Klaus"]
[Result "1-0"]
[WhiteElo "2108"]
[BlackElo "1934"]
[PlyCount "65"]
[EventDate "2016.11.19"]
[EventType "swiss"]
[EventRounds "11"]
[EventCountry "CZE"]
[SourceTitle "CBM 175 Extra"]
[Source "ChessBase"]
[SourceDate "2016.12.12"]
[SourceVersion "1"]
[SourceVersionDate "2016.12.12"]
[SourceQuality "1"]

1. e4 e6 2. d3 g6 3. Nf3 Bg7 4. Nc3 Ne7 5. Bg5 h6 6. Be3 a6 7. Qd2 b5 8. a3 Bb7 9. d4 d5 10. e5 Nd7 11. Be2 Nb6 12. b3 Nd7 13. 0-0 Rc8 14. Ne1 c5 15. f4 Nf5 16. Nf3 Bf8 17. Bf2 cxd4 18. Nxd4 Bc5 19. Nxf5 Bxf2+ 20. Rxf2 gxf5 21. Bf3 Nc5 22. Rd1 Qb6 23. Qd4 Qc7 24. Ne2 0-0 25. Ng3 Ne4 26. Bxe4 dxe4 27. Rfd2 Rfd8 28. Qxd8+ Rxd8 29. Rxd8+ Kg7 30. Nh5+ Kg6 31. Nf6 h5 32. Rg8+ Kh6 33. Rdd8 1-0

[Event "Creon op 21st"]
[Site "Creon"]
[Date "2016.08.05"]
[Round "7.3"]
[White "Ricter, Jean Paul"]
[Black "Alloui Cros, Baptiste"]
[Result "1/2-1/2"]
[WhiteElo "2165"]
[BlackElo "1973"]
[PlyCount "39"]
[EventDate "2016.08.01"]
[EventType "swiss"]
[EventRounds "9"]
[EventCountry "FRA"]
[SourceTitle "EXT 2024"]
[Source "ChessBase"]
[SourceDate "2023.10.10"]
[SourceVersion "1"]
[SourceVersionDate "2023.10.10"]
[SourceQuality "1"]

1. d4 Nf6 2. c4 g6 3. Nc3 Bg7 4. Nf3 d6 5. e4 0-0 6. Bd3 Bg4 7. 0-0 Bxf3 8. Qxf3 Nfd7 9. Be3 e5 10. d5 Na6 11. a3 Nac5 12. Bxc5 Nxc5 13. b4 Nxd3 14. Qxd3 f5 15. c5 dxc5 16. bxc5 a6 17. Rad1 Qd7 18. f3 fxe4 19. fxe4 Rxf1+ 20. Kxf1 1/2-1/2

[Event "Basel op"]
[Site "Basel"]
[Date "2015.01.02"]
[Round "3"]
[White "Ricter, Jean Paul"]
[Black "Gass, Ulrich"]
[Result "1/2-1/2"]
[WhiteElo "2057"]
[BlackElo "2065"]
[PlyCount "31"]
[EventDate "2015.01.01"]
[EventType "swiss"]
[EventRounds "7"]
[EventCountry "SUI"]
[SourceTitle "CBM 164 Extra"]
[Source "ChessBase"]
[SourceDate "2015.03.02"]
[SourceVersion "1"]
[SourceVersionDate "2015.03.02"]
[SourceQuality "1"]

1. e4 d6 2. d4 Nf6 3. Nc3 g6 4. Nf3 Bg7 5. Bc4 0-0 6. h3 Nxe4 7. Bxf7+ Rxf7 8. Nxe4 h6 9. Be3 Nd7 10. Qd2 Kh7 11. Nfg5+ hxg5 12. Nxg5+ Kg8 13. Ne6 Qe8 14. Nxc7 Qd8 15. Nxa8 Nf6 16. Qc3 1/2-1/2

[Event "FRA-ch Seniors"]
[Site "Saint Quentin"]
[Date "2015.??.??"]
[Round "6"]
[White "Letzelter, Jean Claude"]
[Black "Ricter, Jean Paul"]
[Result "1-0"]
[WhiteElo "2103"]
[BlackElo "2057"]
[PlyCount "83"]
[EventDate "2015.08.09"]
[EventType "swiss"]
[EventRounds "11"]
[EventCountry "FRA"]
[SourceTitle "EXT 2016"]
[Source "ChessBase"]
[SourceDate "2015.10.08"]
[SourceVersion "1"]
[SourceVersionDate "2015.10.08"]
[SourceQuality "1"]

1. e4 d5 2. Nc3 d4 3. Nce2 c5 4. d3 e5 5. f4 Nc6 6. Ng3 exf4 7. Bxf4 Bd6 8. Qd2 Bxf4 9. Qxf4 Qa5+ 10. Qd2 Qxd2+ 11. Kxd2 Nf6 12. Be2 0-0 13. Rf1 Be6 14. Nf5 Rfd8 15. g4 b5 16. h4 c4 17. g5 Nd7 18. h5 Nde5 19. a3 Rac8 20. Nh3 Rc7 21. Nf4 cxd3 22. cxd3 Na5 23. Bd1 Bb3 24. g6 fxg6 25. hxg6 hxg6 26. Ng3 Bxd1 27. Kxd1 Rdc8 28. Nge2 Nb3 29. Rh3 Rc2 30. Nd5 Rd2+ 31. Ke1 Rxe2+ 32. Kxe2 Rc2+ 33. Ke1 Rc1+ 34. Kf2 Rc2+ 35. Kg3 Nf7 36. Ne7+ Kf8 37. Nxg6+ Ke8 38. Rh7 Rd2 39. Rxg7 Rxd3+ 40. Kh4 Re3 41. Rfxf7 Rxe4+ 42. Kh5 1-0

[Event "FRA-ch Seniors"]
[Site "Nimes"]
[Date "2014.08.28"]
[Round "11"]
[White "Ricter, Jean Paul"]
[Black "Letzelter, Jean Claude"]
[Result "0-1"]
[WhiteElo "2052"]
[BlackElo "2088"]
[PlyCount "108"]
[EventDate "2014.08.17"]
[EventType "swiss"]
[EventRounds "11"]
[EventCountry "FRA"]
[SourceTitle "EXT 2017"]
[Source "ChessBase"]
[SourceDate "2016.10.25"]
[SourceVersion "1"]
[SourceVersionDate "2016.10.25"]
[SourceQuality "1"]

1. c4 e6 2. Nf3 f5 3. g3 Nf6 4. Bg2 Be7 5. 0-0 0-0 6. d4 d6 7. Nc3 Qe8 8. Re1 Qg6 9. e4 fxe4 10. Nxe4 Nxe4 11. Rxe4 Nc6 12. Re1 Nb4 13. Qd2 Nc2 14. Nh4 Bxh4 15. Re4 Bxg3 16. Qxc2 Rxf2 17. Qxf2 Bxf2+ 18. Kxf2 Bd7 19. Re2 Qd3 20. Be3 Rf8+ 21. Ke1 Qxc4 22. Rc1 Qb4+ 23. Rc3 c6 24. a3 Qa5 25. Bd2 Qf5 26. Be3 Rf6 27. Rf2 Qb1+ 28. Rc1 Rxf2 29. Rxb1 Rxg2 30. Kf1 Rxh2 31. Kg1 Re2 32. Bf2 Be8 33. Bg3 Bg6 34. Rf1 e5 35. dxe5 dxe5 36. Rf2 Re1+ 37. Rf1 Rxf1+ 38. Kxf1 Bd3+ 39. Kf2 e4 40. Ke3 g5 41. Be5 Kf7 42. Bd4 b6 43. b4 Ke6 44. a4 h5 45. a5 bxa5 46. bxa5 a6 47. Bb6 Kf5 48. Kf2 h4 49. Be3 Kg4 50. Kg2 Be2 51. Kf2 Bf3 52. Bc5 Kh3 53. Bd6 g4 54. Kg1 g3 0-1

[Event "FRA-ch Seniors"]
[Site "Nimes"]
[Date "2014.08.20"]
[Round "4"]
[White "Ricter, Jean Paul"]
[Black "Weill, Roland"]
[Result "0-1"]
[WhiteElo "2052"]
[BlackElo "2112"]
[PlyCount "70"]
[EventDate "2014.08.17"]
[EventType "swiss"]
[EventRounds "11"]
[EventCountry "FRA"]
[SourceTitle "EXT 2017"]
[Source "ChessBase"]
[SourceDate "2016.10.25"]
[SourceVersion "1"]
[SourceVersionDate "2016.10.25"]
[SourceQuality "1"]

1. e4 c6 2. d3 d5 3. Nd2 g6 4. g3 Bg7 5. Bg2 Nf6 6. Ngf3 0-0 7. 0-0 Na6 8. Re1 dxe4 9. dxe4 Nc5 10. e5 Nd5 11. Ne4 Nxe4 12. Rxe4 Bf5 13. Rh4 Qb6 14. c4 Nc7 15. Qe2 Rad8 16. Be3 Qa5 17. Bh6 Bxh6 18. Rxh6 Ne6 19. Rh4 Qc5 20. Re1 Nd4 21. Nxd4 Rxd4 22. Qe3 Rfd8 23. g4 Qb4 24. h3 Qxe1+ 25. Qxe1 Rd1 26. Qxd1 Rxd1+ 27. Kh2 g5 28. Rh5 Bg6 29. Rxg5 h6 30. Rxg6+ fxg6 31. Be4 Kg7 32. Kg3 Rd2 33. b4 Rxa2 34. b5 cxb5 35. cxb5 Rb2 0-1

[Event "FRA-ch Seniors"]
[Site "Nancy"]
[Date "2013.08.12"]
[Round "1"]
[White "Ricter, Jean Paul"]
[Black "Demumieux, Joel"]
[Result "1-0"]
[WhiteElo "2060"]
[BlackElo "1719"]
[PlyCount "137"]
[EventDate "2013.08.11"]
[EventType "swiss"]
[EventRounds "11"]
[EventCountry "FRA"]
[SourceTitle "CBM 156 Extra"]
[Source "ChessBase"]
[SourceDate "2013.10.22"]
[SourceVersion "1"]
[SourceVersionDate "2013.10.22"]
[SourceQuality "1"]

1. c4 g6 2. g3 Bg7 3. Bg2 c6 4. Nc3 e6 5. Qc2 Ne7 6. Nf3 0-0 7. b3 d5 8. Bb2 Nd7 9. 0-0 Qc7 10. Rac1 d4 11. Ne4 e5 12. d3 c5 13. e3 Rb8 14. exd4 exd4 15. Rce1 Nf6 16. Bc1 Nxe4 17. Rxe4 Bf5 18. Bf4 Qd7 19. Bxb8 Bxe4 20. Bxa7 Bxf3 21. Bxf3 Qc7 22. Re1 Nc8 23. Bxc5 Qxc5 24. Bxb7 Nd6 25. Bg2 Nb5 26. Qb2 Nc3 27. b4 Qa7 28. a3 Rb8 29. Qb3 Qa4 30. Qxa4 Nxa4 31. Re7 Nb2 32. Be4 Bf6 33. Ra7 Re8 34. Kf1 Nd1 35. c5 Nc3 36. Ra8 Bd8 37. Bc6 Rf8 38. a4 Na2 39. Rb8 Be7 40. Rb7 Rc8 41. Bd5 Nc3 42. Bf3 Bxc5 43. bxc5 Rxc5 44. Rb4 Ra5 45. Bc6 Ra6 46. Bb5 Nxb5 47. axb5 Rb6 48. Ke2 Kg7 49. Kd2 Kf6 50. Kc2 Ke5 51. Kb3 Kd5 52. Ka4 Rb8 53. b6 Kc6 54. b7 Rxb7 55. Rxb7 Kxb7 56. Kb5 Kc7 57. Kc5 f6 58. g4 Kd7 59. Kd5 Ke7 60. f4 Kd7 61. f5 g5 62. Kc5 Kc7 63. Kxd4 Kd6 64. Kc4 Kc6 65. d4 Kd6 66. d5 Kc7 67. Kc5 Kd7 68. d6 Kd8 69. Kc6 1-0

[Event "Calvi Balagne op 08th"]
[Site "Calvi"]
[Date "2011.04.27"]
[Round "2"]
[White "Hamdouchi, Hicham"]
[Black "Ricter, Jean Paul"]
[Result "1-0"]
[WhiteElo "2593"]
[BlackElo "2118"]
[PlyCount "73"]
[EventDate "2011.04.26"]
[EventType "swiss"]
[EventRounds "8"]
[EventCountry "FRA"]
[SourceTitle "CBM 142 Extra"]
[Source "ChessBase"]
[SourceDate "2011.06.27"]
[SourceVersion "1"]
[SourceVersionDate "2011.06.27"]
[SourceQuality "1"]

1. e4 d5 2. exd5 Nf6 3. c4 c6 4. Nc3 cxd5 5. cxd5 Nxd5 6. Nf3 e6 7. d4 Be7 8. Bd3 Nd7 9. 0-0 0-0 10. Nxd5 exd5 11. Re1 Nf6 12. Qb3 a5 13. Bf4 a4 14. Qc2 Bd6 15. Bxd6 Qxd6 16. Qc5 Qf4 17. Rac1 Bg4 18. Qc7 Qh6 19. Ne5 Be6 20. Rcd1 Nh5 21. g3 Qg5 22. h4 Qd8 23. Rc1 Rc8 24. Qxd8 Rfxd8 25. Bb5 Ra8 26. a3 Nf6 27. Rc7 Rdb8 28. Rec1 Kf8 29. f3 Ne8 30. Nd7+ Bxd7 31. Rxd7 Nf6 32. Rdc7 Ra5 33. Rc8+ Rxc8 34. Rxc8+ Ke7 35. Rc7+ Ke6 36. Rxb7 h5 37. Kf2 1-0

[Event "FRA-ch op-A"]
[Site "Belfort"]
[Date "2010.08.12"]
[Round "3"]
[White "Ricter, Jean Paul"]
[Black "Ternault, Mathieu"]
[Result "1-0"]
[WhiteElo "2083"]
[BlackElo "1989"]
[PlyCount "109"]
[EventDate "2010.08.09"]
[EventType "swiss"]
[EventRounds "11"]
[EventCountry "FRA"]
[SourceTitle "CBM 138 Extra"]
[Source "ChessBase"]
[SourceDate "2010.10.29"]
[SourceVersion "1"]
[SourceVersionDate "2010.10.29"]
[SourceQuality "1"]

1. e4 e6 2. d3 d5 3. Nd2 Nf6 4. g3 c5 5. Bg2 Nc6 6. Ngf3 b6 7. 0-0 Bb7 8. exd5 exd5 9. Re1+ Be7 10. Nf1 0-0 11. Ne3 g6 12. h3 b5 13. Nh2 Kg7 14. Neg4 Ng8 15. Nf3 h5 16. Ne3 Bf6 17. Nd2 Nd4 18. c3 Ne6 19. Nc2 Qd7 20. Nf3 Ne7 21. d4 c4 22. Ne5 Bxe5 23. Rxe5 f6 24. Re1 Nf5 25. Ne3 Nxe3 26. Bxe3 a5 27. Qd2 Rfe8 28. h4 Qd6 29. Re2 b4 30. Rae1 Bc6 31. Qd1 a4 32. cxb4 Qxb4 33. a3 Qd6 34. Bc1 Bd7 35. Qd2 Rh8 36. Qd1 Rhe8 37. Be3 Rab8 38. Qc1 Rb3 39. Bd2 Rd3 40. Bc3 Kf7 41. Qh6 Rg8 42. Bh3 f5 43. Bg2 f4 44. Bb4 Qb8 45. Bxd5 fxg3 46. f4 Qd8 47. Rxe6 Bxe6 48. Bxe6+ Kf6 49. Qg5+ Kg7 50. Qe5+ Kh7 51. Bxg8+ Kxg8 52. Qe6+ Kh8 53. Bd6 Qxh4 54. Be5+ Kh7 55. Qf7+ 1-0

[Event "Wasselonne op"]
[Site "Wasselonne"]
[Date "2009.08.07"]
[Round "3"]
[White "Ricter, Jean Paul"]
[Black "Genzling, Alain"]
[Result "0-1"]
[WhiteElo "2090"]
[BlackElo "2350"]
[PlyCount "94"]
[EventDate "2009.08.06"]
[EventType "swiss"]
[EventRounds "7"]
[EventCountry "FRA"]
[SourceTitle "EXT 2011"]
[Source "ChessBase"]
[SourceDate "2010.11.26"]
[SourceVersion "1"]
[SourceVersionDate "2010.11.26"]
[SourceQuality "1"]

1. e4 d5 2. exd5 Nf6 3. Bb5+ Nbd7 4. Nf3 Nxd5 5. d4 g6 6. 0-0 Bg7 7. c4 N5f6 8. Nc3 c6 9. Ba4 Nb6 10. Bb3 0-0 11. Qe2 a5 12. a4 Bf5 13. Rd1 Qc7 14. Bg5 Rad8 15. Rac1 Rfe8 16. Ne5 Nbd7 17. c5 Nxe5 18. dxe5 Ng4 19. f4 h6 20. e6 f6 21. h3 fxg5 22. hxg4 Qxf4 23. gxf5 Bd4+ 24. Rxd4 Qxd4+ 25. Qf2 gxf5 26. Rd1 Qxf2+ 27. Kxf2 Rxd1 28. Nxd1 Rd8 29. Ke2 Rd4 30. Bc2 f4 31. Nc3 Rc4 32. Kd3 Rxc5 33. Kd4 b6 34. Bd3 Kg7 35. b3 g4 36. Be4 Kf6 37. Ne2 Kxe6 38. Nxf4+ Kd6 39. Nd3 e5+ 40. Ke3 Rc3 41. Kd2 Rxb3 42. Kc2 Ra3 43. Nb2 b5 44. Bd3 Kc5 45. Bf5 h5 46. Nd3+ Kd4 47. axb5 cxb5 0-1

[Event "FRA-chT2 East 0809"]
[Site "France"]
[Date "2009.02.08"]
[Round "7.7"]
[White "Bellahcene, Bilel"]
[Black "Ricter, Jean Paul"]
[Result "1-0"]
[WhiteElo "1878"]
[BlackElo "2152"]
[PlyCount "57"]
[EventDate "2008.10.19"]
[EventType "team-tourn"]
[EventRounds "11"]
[EventCountry "FRA"]
[SourceTitle "EXT 2010"]
[Source "ChessBase"]
[SourceDate "2010.11.25"]
[SourceVersion "1"]
[SourceVersionDate "2010.11.25"]
[SourceQuality "1"]
[WhiteTeam "Bischwiller II"]
[BlackTeam "Strasbourg II"]
[WhiteTeamCountry "FRA"]
[BlackTeamCountry "FRA"]

1. e4 d5 2. exd5 Qxd5 3. Nc3 Qd6 4. d4 Nf6 5. Nf3 a6 6. Be2 Nc6 7. h3 Bf5 8. Be3 0-0-0 9. 0-0 e5 10. dxe5 Nxe5 11. Nd4 Bg6 12. Qc1 c5 13. Nb3 Qc7 14. f4 Ned7 15. f5 Bh5 16. Bf4 Qb6 17. Bc4 Qb4 18. Nd2 g5 19. Bxg5 Be7 20. a3 Qb6 21. Nde4 Ne5 22. Nxf6 Bxf6 23. Nd5 Rxd5 24. Bxd5 Rd8 25. Bxf6 Qxf6 26. c4 Be2 27. Rf2 Nd3 28. Qe3 Nxf2 29. Qxe2 1-0

[Event "FRA-chT2 East 0809"]
[Site "France"]
[Date "2008.12.14"]
[Round "4.4"]
[White "Hoffmann, Regis"]
[Black "Ricter, Jean Paul"]
[Result "1/2-1/2"]
[WhiteElo "2108"]
[BlackElo "2152"]
[PlyCount "61"]
[EventDate "2008.10.19"]
[EventType "team-tourn"]
[EventRounds "11"]
[EventCountry "FRA"]
[SourceTitle "EXT 2010"]
[Source "ChessBase"]
[SourceDate "2010.11.25"]
[SourceVersion "1"]
[SourceVersionDate "2010.11.25"]
[SourceQuality "1"]
[WhiteTeam "Mundolsheim"]
[BlackTeam "Strasbourg II"]
[WhiteTeamCountry "FRA"]
[BlackTeamCountry "FRA"]

1. d4 Nf6 2. Bg5 e6 3. Nd2 c5 4. e3 h6 5. Bh4 cxd4 6. exd4 Nc6 7. c3 d5 8. Bd3 Bd7 9. Ngf3 Be7 10. 0-0 0-0 11. Ne5 Nxe5 12. dxe5 Ne8 13. Bxe7 Qxe7 14. f4 Bb5 15. Qe2 Bxd3 16. Qxd3 Nc7 17. Rae1 Qc5+ 18. Rf2 Rfd8 19. Nb3 Qc4 20. Qg3 a5 21. Nd4 Nb5 22. Nxb5 Qxb5 23. Ref1 Qc5 24. Kh1 Rd7 25. h3 d4 26. cxd4 Qxd4 27. Qg4 Rad8 28. Qh5 Qe4 29. Qf3 Qxf3 30. Rxf3 Rd2 31. R1f2 1/2-1/2

[Event "FRA-chT2 East 0708"]
[Site "France"]
[Date "2008.04.05"]
[Round "10.5"]
[White "Staeger, Pascal"]
[Black "Ricter, Jean Paul"]
[Result "1-0"]
[WhiteElo "2112"]
[BlackElo "2159"]
[PlyCount "97"]
[EventDate "2007.10.21"]
[EventType "team"]
[EventRounds "11"]
[EventCountry "FRA"]
[SourceTitle "EXT 2009"]
[Source "ChessBase"]
[SourceDate "2008.11.26"]
[SourceVersion "1"]
[SourceVersionDate "2008.11.26"]
[SourceQuality "1"]
[WhiteTeam "Metz Fischer II"]
[BlackTeam "Strasbourg II"]
[WhiteTeamCountry "FRA"]
[BlackTeamCountry "FRA"]

1. e4 d6 2. d4 Nf6 3. Nc3 Nbd7 4. Nf3 e5 5. Bc4 Be7 6. 0-0 0-0 7. a4 a5 8. Re1 c6 9. h3 Qc7 10. Ba2 exd4 11. Nxd4 Nc5 12. Bf4 Be6 13. g4 Bxa2 14. Rxa2 Ne6 15. Bh2 g6 16. Kg2 Qb6 17. Nb3 Rad8 18. Qd2 h5 19. f3 hxg4 20. hxg4 d5 21. e5 Nd7 22. Ne2 Kg7 23. Rh1 Rh8 24. Qxa5 Ra8 25. Qd2 Qb4 26. Qxb4 Bxb4 27. c3 Be7 28. a5 c5 29. Rd1 Nb6 30. Bg1 Nc4 31. Rxd5 Rhd8 32. Rxd8 Rxd8 33. f4 Nd2 34. Nxd2 Rxd2 35. Kf3 Rd3+ 36. Ke4 c4 37. Ra4 Rd2 38. Kf3 Rd3+ 39. Ke4 Rd2 40. Ke3 Rd3+ 41. Kf2 Bh4+ 42. Kg2 Rd2 43. Kf3 Rd3+ 44. Be3 Bd8 45. Rxc4 Bxa5 46. Ke4 Rd1 47. f5 gxf5+ 48. gxf5 Nd8 49. b4 1-0